Normal view MARC view
  • Pitts, Robert A and Lei, David

Entry Personal Name

Number of records used in: 1

001 - CONTROL NUMBER

  • control field: 4823

003 - CONTROL NUMBER IDENTIFIER

  • control field: OSt

005 - DATE AND TIME OF LATEST TRANSACTION

  • control field: 20180816110437.0

008 - FIXED-LENGTH DATA ELEMENTS

  • fixed length control field: 180816|| aca||aabn | a|a d

040 ## - CATALOGING SOURCE

  • Original cataloging agency: OSt
  • Transcribing agency: OSt

100 ## - HEADING--PERSONAL NAME

  • Personal name: Pitts, Robert A and Lei, David

670 ## - SOURCE DATA FOUND

  • Source citation: Work cat.: (OSt)1513: Pitts, Robert A and Lei, David, Strategic Marketing, 2004